MARC

LEADER 00000nas a2200000 a 4500
001 ssj0033450
003 WaSeSS
005 20200512172242.0
006 m d
007 cr n
008 890508c19869999gw qr p s 0 0eng
010 |a  89647176  
015 |a 87,A35,0331  |2 dnb 
015 |a 011394129  |2 dnb 
015 |a 87A350331  |2 dnb 
016 7 |a 011394129  |2 DE-101 
016 7 |a 232799-5  |2 DE-600 
016 7 |a 101087776  |2 DNLM 
016 |a (AMICUS)000008802638 
022 |l 0932-4569  |y 0932-4569 
035 |a (WaSeSS)ssj0033450 
037 |b Journal of institutional and theoretical economics, J.C.B. Mohr (Paul Siebeck), P.O. Box 2040, D-7400 Tübingen, W. Germany 
040 |a DLC  |b eng  |c DLC  |d OCLCQ  |d UIU  |d IUL  |d OCLCA  |d WaSeSS 
042 |a pcc 
050 0 0 |a H5  |b .Z4 
050 4 |a H1J5 
210 1 |a JITE, J. inst. theor. econ. 
222 0 |a JITE. Journal of institutional and theoretical economics 
245 0 0 |a Journal of institutional and theoretical economics  |h [electronic resource] :  |b JITE = Zeitschrift für die gesamte Staatswissenschaft. 
246 3 0 |a JITE 
246 3 1 |a Zeitschrift für die gesamte Staatswissenschaft 
260 |a Tübingen :  |b Mohr,  |c 1986- 
310 |a Quarterly 
362 0 |a Vol. 142, no. 1 (Mar. 1986)- 
500 |a Title from cover. 
506 |a License restrictions may limit access. 
588 |a Latest issue consulted: Vol. 145, no. 4 (Dec. 1989). 
650 0 |a Social sciences  |v Periodicals. 
650 0 |a Political science  |v Periodicals. 
650 0 |a Economics  |v Periodicals. 
650 0 |a Institutional economics  |v Periodicals. 
650 6 |a Sciences sociales. 
650 6 |a Science politique. 
650 6 |a Économie politique. 
650 1 7 |a Economie.  |2 gtt 
650 1 7 |a Institutionalisme.  |2 gtt 
650 7 |a Wirtschaftstheorie  |2 gnd 
650 7 |a Wirtschaftswissenschaft.  |2 stw 
650 7 |a Institutionalismus.  |2 stw 
650 7 |a Neue Institutionenökonomik.  |2 stw 
650 7 |a Public Choice.  |2 stw 
650 7 |a Theorie.  |2 stw 
650 7 |a Economics.  |2 fast  |0 (OCoLC)fst00902116 
650 7 |a Institutional economics.  |2 fast  |0 (OCoLC)fst00974297 
650 7 |a Political science.  |2 fast  |0 (OCoLC)fst01069781 
650 7 |a Social sciences.  |2 fast  |0 (OCoLC)fst01122877 
650 7 |a Doctrines économiques.  |2 eclas 
650 7 |a Economie publique.  |2 eclas 
650 7 |a Publications périodiques.  |2 eclas 
650 7 |a Science économique.  |2 eclas 
650 7 |a Sciences politiques.  |2 eclas 
650 7 |a Sciences sociales.  |2 eclas 
655 0 |a Electronic journals. 
780 0 0 |t Zeitschrift für die gesamte Staatswissenschaft  |x 0044-2550  |w (DLC) 07037628  |w (OCoLC)1770456 
850 |a CaOTU  |a CaOWA  |a CaSSU  |a DLC  |a DeU  |a IaU  |a InU  |a KMK  |a MH  |a MiEM  |a NSyU  |a NcU  |a NcWsW  |a OCU 
853 0 0 |8 1  |a v.  |b no.  |i (year)  |j (month) 
856 4 0 |z Full text available from Research Library: 03/01/2014 to 2 years ago  |u https://search.proquest.com/publication/33229 
863 4 0 |8 1  |a <142>-  |i <1986>-  |x provisional